Public economics (Record no. 395926)

MARC details
000 -LEADER
fixed length control field 00498 a2200205 4500
005 - DATE & TIME
control field 20260218112036.0
008 - FIXED-LENGTH DATA ELEMENTS--GENERAL INFORMATION
fixed length control field 260217b |||||||| |||| 00| 0 eng d
020 ## - ISBN
International Standard Book Number 9789386053374
Price Rs. 1250.00
040 ## - CATALOGING SOURCE
Original cataloging agency VIVEKANANDA LIBRARY
082 ## - DDC NUMBER
Classification number 336
Book Number B469P
100 ## - MAIN ENTRY--PERSONAL NAME
Personal name Bhatia, A K
245 ## - TITLE STATEMENT
Title Public economics
260 ## - PUBLICATION, DISTRIBUTION, ETC. (IMPRINT)
Name of publisher, distributor, etc Wisdom Press
Date of publication, distribution, etc 2026
Place of publication, distribution, etc New Delhi
300 ## - PHYSICAL DESCRIPTION
Pages v, 170
650 ## - Subject
Subject Economics
650 ## - Subject
Subject Public Finance
650 ## - Subject
Subject Public Expenditures
650 ## - Subject
Subject Taxation
942 ## - ADDED ENTRY ELEMENTS (KOHA)
Koha item type Books
Holdings
Withdrawn status Lost status Source of classification or shelving scheme Damaged status Not for loan Location (home branch) Sublocation or collection (holding branch) Shelving location Date acquired Koha issues (times borrowed) Koha full call number Accession No. Koha date last seen Koha item type
    Dewey Decimal Classification     VIVEKANANDA LIBRARY VIVEKANANDA LIBRARY Vivekananda Library 22/01/2026   336 B469P 444542 22/01/2026 Books
    Dewey Decimal Classification     VIVEKANANDA LIBRARY VIVEKANANDA LIBRARY Vivekananda Library 22/01/2026   336 B469P 444543 22/01/2026 Books
    Dewey Decimal Classification     VIVEKANANDA LIBRARY VIVEKANANDA LIBRARY Vivekananda Library 22/01/2026   336 B469P 444541 22/01/2026 Books
© Designed and Maintained by Vivekananda Library, MDU Rohtak